Statystyki dla Państwa-miasta - ,,p,,

Kliknij tutaj aby rozwiązać quiz!

Ogólne statystyki

  • Ten quiz został rozwiązany 506 razy
    (486 od ostatniego zresetowania)
  • Średni wynik to 5 z 7

Statystyki odpowiedzi

WskazówkaOdpowiedź% Poprawnych
krajPakistan|Palau||Panama|Papua nowa gwinea|Paragwaj|Peru|Polska|Portugalia
100%
kolorperłowy|porcelanowy|piaskowy|platynowy|popielaty|pistacjowy|
patynowy|pomarańczowy|pąsowy|purpurowy|piwny
89%
owocpigwa|papaja|pomarańcza|pomelo|porzeczka|poziomka|pitaja
82%
stolicaporto novo|pekin|podgorica|praga|paryż|port au prince|phnom penh|pjongjang|prisztina|port louis|Panama|Palikir|Paramaribo|Port Moresby|Port-of-spain|Port vila|Praia i Pratoria|
66%
zawódpedriatra|piekarz|pielęgrniarka|policjant|piłkarz|prostytutka|polityk|pisarz|piosenkarz
63%
roślinaprzebiśńieg|petunia|proso|paproć|pokrzywa
32%
rzeka w polscepilica|piława|pasłeka|perznica|prądnik|plitnica|parasęta
27%

Rozkład punktacji

Percentyl według liczby udzielonych odpowiedzi

Procent ludzi z każdym wynikiem

Twoja historia wyników

Nie rozwiązałeś tego quizu od ostatniego zresetowania